000 00493nam a2200157Ia 4500
008 240729s9999 xx 000 0 und d
022 _a2956-0357
245 0 _aBelgrade Philosophical Annual
260 _aSerbia
260 _bUniversity of Belgrade - Faculty of Philosophy - Institute for Philosophy
650 _a Philosophy (General)
650 _aPhilosophy. Psychology. Religion
856 _uhttps://doaj.org/toc/9ee408470e604ebaaac7ceb8462bb4d1
942 _2ddc
942 _cDOAJEJ
999 _c74770
_d74770
945 _a1
_bMadushi Gamage
_c1
_dMadushi Gamage